01363cam a2200337 a 4500001000500000005001700005008004100022020001800063040002300081050002300104082001200127100002100139245007700160250001200237260003500249300004000284490003700324500002900361505000800390520025100398521002000649521002000669650002500689650001900714650003500733700004600768906004500814942001500859999001500874952013600889101620230828110320.0070824s2008 nyua b 000 1 eng  a9780545120487 aDLCcDLCdDLCbeng00aPZ7.R8139bWe 200800aFic2221 aRoy, Ron,d1940-10aWhite House white-out /cby Ron Roy ; illustrated by John Steven Gurney. a1st ed. aNew York :bScholastic c2008. a124 pages :billustrations ;c20 cm0 aA to Z mysteries super edition ; a"A Stepping Stone book." aJ  aWhen Dink, Josh, and Ruth Rose visit Washington, D.C., just before Christmas, they are inadvertently caught up in a kidnapping plot that was intended for the president's dog, but also involves the president's stepdaughter and her friend Marshall. a500 bLexile  aJ bRaz-Plus  1aKidnappingvFiction. 1aDogsvFiction. 1aMystery and detective stories.1 aGurney, John Steven,d1962-eillustrator. a7bcbccorignewd1eecipf20gy-gencatlg 2ddccBKn0 c1016d1016 00102ddc40708JUVFa001b001cTTPd2023-07-18l4oROY Fic PZ7.R8139pFISBK00256r2024-03-25 08:35:22s2024-03-18w2023-07-18yBK